US Common Streets Quiz Stats

 Plays Quiz Updated Jun 22, 2018

Score 0/50 Timer 09:00
8 Plays Today
Rank Street Name % Correct
7.Pine
79.9%
10.Main
79.9%
2.2nd
79.6%
4.1st
78.9%
8.4th
78.4%
14.6th
77.6%
18.Washington
75.5%
3.Oak
74.6%
6.Maple
72.4%
1.Park
71.3%
22.Church
65.2%
37.Smith
64.2%
32.Cherry
63.6%
17.Lake
60.4%
26.8th
58.6%
42.10th
55%
24.Lincoln
50.2%
49.Jefferson
49.2%
11.5th
49%
9.Cedar
46.4%
5.3rd
45.6%
19.7th
42.8%
36.Wilson
40.4%
15.Walnut
39.7%
12.Sunset
38.5%
Rank Street Name % Correct
35.Railroad
38.5%
40.9th
34.3%
45.Center
30.6%
33.North
30.3%
13.Elm
23.2%
48.Williams
22.7%
34.Johnson
20.9%
20.Hickory
20%
47.Adams
19.8%
38.Woodland
15.7%
46.West
15.4%
27.Lakeview
15.3%
25.River
14.9%
41.Spruce
14.5%
21.Dogwood
14.2%
29.Jackson
14%
23.Ridge
13.3%
50.Evergreen
12%
28.Highland
11.3%
44.Chestnut
11.1%
16.Willow
10.2%
39.Hill
9.9%
43.Birch
9.5%
30.Meadow
8.7%
31.Forest
7.8%

You're not logged in!

Compare scores with friends on all Sporcle quizzes.
OR
Log In

You Might Also Like...

Show Comments

Extras

Top Quizzes Today


Score Distribution

Your Account Isn't Verified!

In order to create a playlist on Sporcle, you need to verify the email address you used during registration. Go to your Sporcle Settings to finish the process.

Report this User

Report this user for behavior that violates our Community Guidelines.

Details: